Loading...
| Fine Arts - Visual | 3 | 3 | 0 | 0 | 75 | 26 | 84.67 | 3 | 6 | 0.00 | 0.00 |
| Fine Arts - Other | 1 | 4 | 0 | 0 | 55 | 39 | 108.00 | 4 | 5 | 0.00 | 0.00 |
| Literature - American | 0 | 5 | 0 | 1 | 50 | 128 | 144.80 | 0 | 5 | 0.00 | 0.00 |
| Literature - British | 1 | 2 | 0 | 0 | 35 | 43 | 92.67 | 1 | 3 | 0.00 | 0.00 |
| Philosophy | 0 | 3 | 0 | 0 | 30 | 124 | 141.00 | 1 | 3 | 0.00 | 0.00 |
| Other Academic | 0 | 3 | 0 | 0 | 30 | 95 | 108.00 | 0 | 3 | 0.00 | 0.00 |
| Literature - World | 0 | 2 | 0 | 1 | 20 | 96 | 127.50 | 1 | 2 | 0.00 | 0.00 |
| Fine Arts - Auditory | 0 | 2 | 0 | 1 | 20 | 142 | 149.00 | 0 | 2 | 0.00 | 0.00 |
| Social Science | 0 | 1 | 0 | 1 | 10 | 140 | 140.00 | 1 | 1 | 0.00 | 0.00 |
| Literature - European | 0 | 2 | 2 | 1 | 10 | 121 | 132.50 | 0 | 2 | 0.00 | 0.00 |
| Mythology | 0 | 1 | 0 | 0 | 10 | 96 | 96.00 | 1 | 1 | 0.00 | 0.00 |
| Science - Biology | 0 | 1 | 0 | 1 | 10 | 136 | 136.00 | 0 | 1 | 0.00 | 0.00 |
| Science - Chemistry | 0 | 1 | 0 | 0 | 10 | 95 | 95.00 | 1 | 1 | 0.00 | 0.00 |
| History - American | 0 | 1 | 1 | 1 | 5 | 140 | 140.00 | 0 | 1 | 0.00 | 0.00 |
| Science - Physics | 0 | 0 | 0 | 0 | 0 | 0.00 | 0 | 0 | 0.00 | 0.00 | |
| Geography | 0 | 0 | 0 | 0 | 0 | 0.00 | 0 | 0 | 0.00 | 0.00 | |
| Science - Other | 0 | 0 | 0 | 0 | 0 | 0.00 | 0 | 0 | 0.00 | 0.00 | |
| Religion | 0 | 0 | 0 | 0 | 0 | 0.00 | 0 | 0 | 0.00 | 0.00 |